Представление документа в формате RUSMARC

ПолеНазваниеЗначение
  Тип записи a
  Библиографический уровень m
001 Контрольный номер RU/УОНБ/EK_R/389273503
005 Дата корректировки 20250520131118.3
010 Индекс ISBN __
d Цена 1 р. 20 к.
9 Тираж 2800 экз.
b Уточнения в пер.
100 Данные общей обработки __
a Данные общей обработки 20120502d1983 k y0rusy0189||||ca
101 Язык документа 0_
a Язык текста rus
102 Страна публикации __
a Страна публикации RU
105 Кодированные данные (монография) __
a Кодированные данные (монография) y j 000|y
200 Заглавие и сведения об ответственности 1_
a Заглавие Планирование хозяйственной и финанансовой деятельности производственного геологического объединения
e Сведения, относящиеся к заглавию на прим. ПГО "Севзапгеология"
f Первые сведения об ответственности Н.П.Батура, В.И.Фокин
210 Выходные данные 1_
a Место издания Ленинград
c Издательство Недра, Ленингр. отд-ние
d Дата издания 1983
215 Физическое описание __
a Объем 247 с.
d Формат 22 см
606 Тематические рубрики 0_
a Основная рубрика Геологические объединения
x Основная подрубрика Планирование
610 Ключевые слова 0_
a Ключевые слова геологические объединения
610 Ключевые слова 0_
a Ключевые слова планирование
686 Индексы других классификаций __
a Классификационный индекс 26.324
2 Код системы rubbk
700 Автор _1
a Фамилия Батура
b Имя (инициалы) Н.П.
g Полное личное имя Нонна Павловна
701 Альтернативная интеллектуальная ответственность _1
a Фамилия Фокин
b Имя (инициалы) В.И.
801 Источник записи _0
a Страна RU
b Организация Ульяновская ОНБ
c Дата составления 20120502
g Правила каталогизации RCR
801 Источник записи _1
a Страна RU
b Организация Ульяновская ОНБ
c Дата составления 20120502
g Правила каталогизации RCR
901 Тип документа __
t Тип документа m
909 Создатель записи __
a Создатель записи Логинова
938 Служебная информация __
a Имя БД retro
b Имя библиотеки УОНБ
c Имя АИБС МАРК-SQL
d Номер DOC_ID в БД 36005